Вытесняющая вентиляция в непроизводственных зданиях (Запись № 815995)

Подробности
000 -МАРКЕР
контрольное поле 02179nam0a2200385 4500
001 - ИДЕНТИФИКАТОР ЗАПИСИ
контрольное поле RU\NLR\bibl\1053276
005 - ИДЕНТИФИКАТОР ВЕРСИИ
контрольное поле 20260407155809.0
010 ## - МЕЖДУНАРОДНЫЙ СТАНДАРТНЫЙ НОМЕР КНИГИ (ISBN)
Номер (ISBN) 5-98267-024-3
Тираж 15000
021 ## - НОМЕР ГОСУДАРСТВЕННОЙ РЕГИСТРАЦИИ
Код страны Российская Федерация
Номер 2006-88088
Номер Листа государственной регистраци 4464
035 ## - ДРУГИЕ СИСТЕМНЫЕ НОМЕРА
Идентификатор записи (NLR Aleph) 001040576
100 ## - ДАННЫЕ ОБЩЕЙ ОБРАБОТКИ
Данные общей обработки 20070117d2006 |||y0rusy50 ca
101 1# - ЯЗЫК РЕСУРСА
Язык текста, звукозаписи и т.д. русский
Язык оригинала английский
102 ## - СТРАНА ПУБЛИКАЦИИ ИЛИ ПРОИЗВОДСТВА
Страна публикации Российская Федерация
105 ## - ПОЛЕ КОДИРОВАННЫХ ДАННЫХ: ТЕКСТОВЫЕ МАТЕРИАЛЫ, МОНОГРАФИЧЕСКИЕ
Кодированные данные о монографическом текстовом документе a |||||||||
200 1# - ЗАГЛАВИЕ И СВЕДЕНИЯ ОБ ОТВЕТСТВЕННОСТИ
Основное заглавие Вытесняющая вентиляция в непроизводственных зданиях
Сведения, относящиеся к заглавию справочное руководство REHVA
Первые сведения об ответственности Хаксон Скинстад (ред.), Элизабет Мундт, Питер Нильсен и др.
Последующие сведения об ответственности [пер. с англ.: Л.И. Баранов]
205 ## - СВЕДЕНИЯ ОБ ИЗДАНИИ
Сведения об издании 2-е изд., испр.
210 ## - ПУБЛИКАЦИЯ, РАСПРОСТРАНЕНИЕ И ДР.
Место издания, распространения и т.д. Москва
Имя издателя, распространителя и т. д. АВОК-ПРЕСС
Дата издания, распространения и т.д. 2006
215 ## - ФИЗИЧЕСКАЯ ХАРАКТЕРИСТИКА
Специфическое обозначение материала и объем 98,[1] с.
Другие сведения о физической характеристике ил., цв. ил.
Размеры 27
225 1# - СЕРИЯ
Основное заглавие серии Техническая библиотека НП "АВОК"
225 1# - СЕРИЯ
Основное заглавие серии Справочное руководство
Сведения об ответственности REHVA. Федерация европ. ассоц. по отоплению и кондиционированию воздуха, НП "АВОК". НП "Инженеры по отоплению, вентиляции, кондиционированию воздуха, теплоснабжению и строит. теплофизике"
Обозначение тома N°1
300 ## - ОБЩИЕ ПРИМЕЧАНИЯ
Текст примечания Загл. ориг.: Displacement ventilation in non-industrial premises
320 ## - ПРИМЕЧАНИЯ О НАЛИЧИИ В ДОКУМЕНТЕ БИБЛИОГРАФИИ / УКАЗАТЕЛЯ
Текст примечания Библиогр.: с. 98-99
454 #0 - ОРИГИНАЛ (ПЕРЕВОДА)
Встроенное поле 2001#$aDisplacement ventilation in non-industrial premises
Заглавие Displacement ventilation in non-industrial premises
606 0# - НАИМЕНОВАНИЕ ТЕМЫ КАК ПРЕДМЕТ
Наименование темы Вентиляция
Формальный подзаголовок Справочники
Системный номер авторитетной/нормативной записи 942138
Идентификатор авторитетной/нормативной записи RU\NLR\auth\6630120
686 ## - ИНДЕКСЫ ДРУГИХ КЛАССИФИКАЦИЙ
Индекс Н762.2я22
701 #1 - ИМЯ ЛИЦА - АЛЬТЕРНАТИВНАЯ ОТВЕТСТВЕННОСТЬ
Начальный элемент ввода Скисад
Часть имени, кроме начального элемента ввода Х.
Расширение инициалов личного имени Хакон
Код отношения Автор
701 #1 - ИМЯ ЛИЦА - АЛЬТЕРНАТИВНАЯ ОТВЕТСТВЕННОСТЬ
Начальный элемент ввода Мундт
Часть имени, кроме начального элемента ввода Э.
Расширение инициалов личного имени Элизабет
Код отношения Автор
701 #1 - ИМЯ ЛИЦА - АЛЬТЕРНАТИВНАЯ ОТВЕТСТВЕННОСТЬ
Начальный элемент ввода Нильсен
Часть имени, кроме начального элемента ввода П.
Расширение инициалов личного имени Питер
Код отношения Автор
711 02 - НАИМЕНОВАНИЕ ОРГАНИЗАЦИИ - АЛЬТЕРНАТИВНАЯ ОТВЕТСТВЕННОСТЬ
Начальный элемент ввода REHVA, федерация европейских ассоциаций по отоплению и кондиционированию воздуха
Идентификатор авторитетной/нормативной записи RU\NLR\AUTH\8810097254
Системный номер авторитетной/нормативной записи 695622
801 #0 - ИСТОЧНИК ЗАПИСИ
Страна Российская Федерация
Организация NLR
Дата составления 20030929
Правила каталогизации PSBO
801 #1 - ИСТОЧНИК ЗАПИСИ
Страна Российская Федерация
Организация NLR
Дата составления 20030929
942 ## - ДОПОЛНИТЕЛЬНЫЕ ЭЛЕМЕНТЫ ЗАПИСИ (АБИС)
Тип экземпляра АБИС Книга
980 ## - КОЛЛЕКЦИЯ
Название коллекции Национальная библиография
Экземпляры
Тип экземпляра Дата поступления Источник поступления Библиотека постоянного хранения Библиотека текущего хранения Место хранения Шифр хранения Штрих-код Статус экземпляра
Книга 02.03.2007 Обязательный экземпляр РНБ (Московский) РНБ (Московский) Русский книжный фонд: издания с 1957 года 2007-7/1296 1-2119041  
Книга 02.03.2007 Обязательный экземпляр РНБ (Московский) РНБ (Московский) Русский книжный фонд: издания с 1957 года 2007-7/1296 2377131